Научно-исследовательская работа научной библиотеки СибГТУ

Detaylı Bibliyografya
Müşterek Yazar: Сибирский государственный технологический университет Научная библиотека
Diğer Yazarlar: Куделя Л. А. (составитель), Коморовская Т. В. (редактор)
Dil:Rusça
Baskı/Yayın Bilgisi: Красноярск, СибГТУ, 2005-
Materyal Türü: MixedMaterials Kitap
KOHA link:https://koha.lib.tpu.ru/cgi-bin/koha/opac-detail.pl?biblionumber=93225

MARC

LEADER 00000nam1a2200000 4500
001 93225
005 20231031105109.0
035 |a (RuTPU)RU\TPU\book\99834 
090 |a 93225 
100 |a 20060327d2005 m y0rusy50 ca 
101 0 |a rus 
102 |a RU 
200 1 |a Научно-исследовательская работа научной библиотеки СибГТУ  |f Сибирский государственный технологический университет, Научная библиотека; сост. Л. А. Куделя; под ред. Т. В. Коморовской 
210 |a Красноярск  |c СибГТУ  |d 2005- 
702 1 |a Куделя  |b Л. А.  |4 220 
702 1 |a Коморовская  |b Т. В.  |4 340 
712 0 2 |a Сибирский государственный технологический университет  |b Научная библиотека 
801 1 |a RU  |b 63413507  |c 20060327  |g PSBO 
942 |c BK